000 01192cad a22002295a 4500
001 E148605
008 091012s2009 xxkd f s 000 0 eng d
035 _a(Sirsi) u148605
041 0 _aeng
050 0 4 _a346.4172 $2 18
110 2 _aRoyal Institution of Chartered Surveyors
_bEconomics
_95033
245 0 0 _aRICS Arts and antiques market survey
_bthird quarter 2009
_h[electronic resource]
260 _aLondon
_bRICS
_c2009
490 0 _aRICS Arts and Antiques Market Survey
_vThird Quarter 2009
520 _aReports that the net balance of surveyors reporting rising rather than falling prices rose in the third quarter, with the All Lot net price balance increasing from +7 to +14. Out of the ten sub-sectors covered in the survey, only three did not record a positive net balance during the latest three month period; contemporary arts, ceramics and oil and water colours.
590 _aKA
650 2 4 _aRICS ARTS AND ANTIQUES MARKET SURVEY
651 4 _aUnited Kingdom
_y
690 _aArts and antiques
_96217
856 4 0 _uhttps://www.rics.org/site/scripts/documents_info.aspx?documentID=41&pageNumber=2
_zView the market survey free of charge at www.rics.org...
942 _n0
999 _c110125
_d110125